<?xml version="1.0" encoding="UTF-8"?>
<record
    xmlns:xsi="http://www.w3.org/2001/XMLSchema-instance"
    xsi:schemaLocation="http://www.loc.gov/MARC21/slim http://www.loc.gov/standards/marcxml/schema/MARC21slim.xsd"
    xmlns="http://www.loc.gov/MARC21/slim">

  <leader>00817    a2200193   4500</leader>
  <controlfield tag="001">135314</controlfield>
  <datafield tag="020" ind1=" " ind2=" ">
    <subfield code="a">85-16-02342-7</subfield>
  </datafield>
  <datafield tag="040" ind1=" " ind2=" ">
    <subfield code="c">Leonardo Da Vinci</subfield>
  </datafield>
  <datafield tag="041" ind1=" " ind2=" ">
    <subfield code="a">Portugu&#xEA;s</subfield>
  </datafield>
  <datafield tag="082" ind1=" " ind2=" ">
    <subfield code="a">372.89 M26t</subfield>
    <subfield code="b">M26t</subfield>
  </datafield>
  <datafield tag="100" ind1=" " ind2=" ">
    <subfield code="a">MARANH&#xC3;O, Ricardo</subfield>
    <subfield code="a">ANTUNES, Maria Fernanda</subfield>
  </datafield>
  <datafield tag="245" ind1=" " ind2=" ">
    <subfield code="a">Trabalho e civiliza&#xE7;&#xE3;o</subfield>
    <subfield code="b">uma hist&#xF3;ria global, as origns da modernidade (do s&#xE9;culo XVII ao
XIX)</subfield>
  </datafield>
  <datafield tag="260" ind1=" " ind2=" ">
    <subfield code="b">Moderna</subfield>
    <subfield code="c">1999</subfield>
    <subfield code="a">S&#xE3;o Paulo</subfield>
  </datafield>
  <datafield tag="300" ind1=" " ind2=" ">
    <subfield code="a">232</subfield>
  </datafield>
  <datafield tag="362" ind1=" " ind2=" ">
    <subfield code="a">19990000</subfield>
  </datafield>
  <datafield tag="490" ind1=" " ind2=" ">
    <subfield code="v">v. 3</subfield>
  </datafield>
  <datafield tag="697" ind1=" " ind2=" ">
    <subfield code="a">Hist&#xF3;ria</subfield>
    <subfield code="a">Am&#xE9;rica</subfield>
    <subfield code="a">Civiliza&#xE7;&#xE3;o</subfield>
    <subfield code="a">Guerras de religi&#xE3;o</subfield>
    <subfield code="a">Franceses no Brasil</subfield>
    <subfield code="a">Conquista do litoral norte</subfield>
    <subfield code="a">Palmares</subfield>
    <subfield code="a">Bandeirantes</subfield>
    <subfield code="a">Cidades da minera&#xE7;&#xE3;o</subfield>
    <subfield code="a">Revolu&#xE7;&#xE3;o industrial inglesa</subfield>
    <subfield code="a">Pombal</subfield>
    <subfield code="a">Revoltas no Caribe</subfield>
    <subfield code="a">Independ&#xEA;ncias</subfield>
    <subfield code="a">Primeiro reinado</subfield>
    <subfield code="a">Reg&#xEA;ncias</subfield>
    <subfield code="a">Segundo imp&#xE9;rio</subfield>
    <subfield code="a">Ensino fundamental</subfield>
  </datafield>
  <datafield tag="942" ind1=" " ind2=" ">
    <subfield code="c">BK</subfield>
  </datafield>
  <datafield tag="952" ind1=" " ind2=" ">
    <subfield code="0">0</subfield>
    <subfield code="1">0</subfield>
    <subfield code="4">0</subfield>
    <subfield code="7">0</subfield>
    <subfield code="a">73.1</subfield>
    <subfield code="b">73.1</subfield>
    <subfield code="d">2024-03-27</subfield>
    <subfield code="l">0</subfield>
    <subfield code="o">372.89 M26t</subfield>
    <subfield code="p">G00169</subfield>
    <subfield code="r">2024-03-27 22:34:59</subfield>
    <subfield code="w">2024-03-27</subfield>
    <subfield code="y">BK</subfield>
  </datafield>
  <datafield tag="999" ind1=" " ind2=" ">
    <subfield code="c">135314</subfield>
    <subfield code="d">135314</subfield>
  </datafield>
</record>
